[Event "Hessen-ch Gr-B 64th"]
[Site "Bad Vilbel"]
[Date "2010.04.01"]
[Round "2"]
[White "Kreiling, Carsten"]
[Black "Wuestehube, Axel"]
[Result "1-0"]
[WhiteElo "2126"]
[BlackElo "1918"]
[PlyCount "93"]
[EventDate "2010.03.31"]
[EventType "swiss"]
[EventRounds "7"]
[EventCountry "GER"]
[SourceTitle "EXT 2011"]
[Source "ChessBase"]
[SourceDate "2010.11.26"]
[SourceVersion "1"]
[SourceVersionDate "2010.11.26"]
[SourceQuality "1"]

1. d4 Nf6 2. c4 e6 3. Nf3 d5 4. Nc3 dxc4 5. e3 c5 6. Bxc4 a6 7. a4 Be7 8. 0-0 cxd4 9. exd4 0-0 10. Bg5 Nc6 11. Qd2 Nd5 12. Bxd5 exd5 13. Bxe7 Nxe7 14. Ne5 Qd6 15. a5 Bd7 16. Nd3 Rab8 17. Nc5 Rfc8 18. b4 Nc6 19. N3a4 Rc7 20. Rfe1 Re8 21. Nb6 Be6 22. Re2 Rce7 23. Rae1 Na7 24. f4 Nc8 25. Nxc8 Bxc8 26. Rxe7 Rxe7 27. Rxe7 Qxe7 28. Kf2 Qh4+ 29. Kg1 Kf8 30. Qe3 Qe7 31. Qe5 f6 32. Qxe7+ Kxe7 33. Kf2 Kd6 34. Ke3 Kc6 35. Kd3 b6 36. axb6 Kxb6 37. Kc3 Bf5 38. h3 h5 39. h4 Kb5 40. Nb3 Bg4 41. Nc5 a5 42. bxa5 Kxa5 43. Nb7+ Kb5 44. Nc5 g5 45. fxg5 fxg5 46. hxg5 Bf5 47. Nd3 1-0

[Event "Hessen-ch qual-C"]
[Site "Erlensee"]
[Date "2007.04.06"]
[Round "4"]
[White "Storck, Eike Werner"]
[Black "Wuestehube, Axel"]
[Result "1/2-1/2"]
[WhiteElo "1895"]
[BlackElo "1886"]
[PlyCount "123"]
[EventDate "2007.04.04"]
[EventType "swiss"]
[EventRounds "7"]
[EventCountry "GER"]
[SourceTitle "CBM 117 Extra"]
[Source "ChessBase"]
[SourceDate "2007.05.09"]
[SourceVersion "1"]
[SourceVersionDate "2007.05.09"]
[SourceQuality "1"]

1. d4 Nf6 2. c4 e6 3. Nc3 Bb4 4. e3 0-0 5. Nge2 b6 6. a3 Bxc3+ 7. Nxc3 Bb7 8. f3 d5 9. cxd5 exd5 10. Bd3 c5 11. 0-0 Nc6 12. dxc5 bxc5 13. e4 c4 14. exd5 cxd3 15. dxc6 Qd4+ 16. Rf2 Bxc6 17. Bg5 Nd5 18. Nxd5 Bxd5 19. Qd2 Rfe8 20. Re1 Rxe1+ 21. Qxe1 Bb3 22. Qe3 Qd5 23. Rd2 Bc2 24. Bf4 f6 25. Kf2 Kf7 26. Qe4 Qxe4 27. fxe4 Rc8 28. Be3 a6 29. Bd4 a5 30. b4 axb4 31. axb4 Rc4 32. Ke3 Rxb4 33. Rf2 Ke6 34. Bc3 Rxe4+ 35. Kd2 Rc4 36. g3 Rc5 37. Rf4 Rf5 38. Rxf5 Kxf5 39. Ke3 Kg4 40. Kf2 Kh3 41. Kg1 Bd1 42. Bd2 h5 43. Be3 h4 44. gxh4 Kxh4 45. Kg2 Kg4 46. Bd2 g5 47. Kf2 Be2 48. Kg2 f5 49. Kf2 f4 50. Kg2 Kf5 51. Kf2 Ke4 52. Ba5 g4 53. Bd2 f3 54. Ke1 Kd4 55. Kf2 Kc4 56. Ke1 Kb3 57. Bf4 Kc2 58. Be3 Bd1 59. Bf4 d2+ 60. Bxd2 f2+ 61. Kxf2 Kxd2 62. Kg3 1/2-1/2

[Event "Hessen-ch qual-C"]
[Site "Erlensee"]
[Date "2007.04.06"]
[Round "5"]
[White "Wuestehube, Axel"]
[Black "Rasche, Hannes"]
[Result "1-0"]
[WhiteElo "1886"]
[BlackElo "2050"]
[PlyCount "69"]
[EventDate "2007.04.04"]
[EventType "swiss"]
[EventRounds "7"]
[EventCountry "GER"]
[SourceTitle "CBM 117 Extra"]
[Source "ChessBase"]
[SourceDate "2007.05.09"]
[SourceVersion "1"]
[SourceVersionDate "2007.05.09"]
[SourceQuality "1"]

1. d4 Nf6 2. Nf3 c5 3. c3 e6 4. Bg5 d5 5. e3 Nbd7 6. Bd3 Qb6 7. Qc2 Bd6 8. Nbd2 h6 9. Bxf6 Nxf6 10. Ne5 Bd7 11. f4 Bb5 12. c4 Bc6 13. Ndf3 cxd4 14. exd4 dxc4 15. Nxc4 Qb4+ 16. Qc3 Qxc3+ 17. bxc3 Bxf4 18. 0-0 Bc7 19. Nfe5 Bd7 20. a4 0-0 21. Rxf6 gxf6 22. Nxd7 Rfd8 23. Nxf6+ Kg7 24. Nh5+ Kf8 25. Be4 Rab8 26. Rb1 b6 27. Bc6 Ke7 28. Rf1 Rg8 29. Nf6 Rgd8 30. g3 Bd6 31. Ng4 Rbc8 32. Bb5 h5 33. Nge5 Bxe5 34. Nxe5 Rh8 35. Rxf7+ 1-0